Bundesliga players 2012/13 - Statistics

General Stats
  • This quiz has been taken 2 times
  • The average score is 136 of 472
Answer Stats
Rank Player Positions Nationality Matches Goals Assists Clubs % Correct
49 Alexander Meier MF, FW 31 16 3
100%
2 Artjoms Rudņevs FW 34 12 4
100%
3 Christian Gentner MF 34 5 2
100%
422 Heinz Müller GK 3 0 0
100%
42 Nicolai Müller MF, FW 32 8 5
100%
361 Stefan Bell DF 8 0 0
100%
15 Stefan Kießling MF, FW 34 25 9
100%
116 Thomas Müller MF, FW 28 13 11
100%
101 Aaron Hunt MF, FW 28 11 4
50%
117 Alexander Esswein MF, FW 27 2 1
50%
281 Alexander Madlung DF 15 2 0
50%
341 Almog Cohen MF 9 0 1
50%
71 Álvaro Domínguez DF 30 2 0
50%
325 Amin Younes MF, FW 11 1 0
50%
263 Anatoliy Tymoshchuk DF, MF 16 1 0
50%
50 Andreas Beck DF, MF 31 1 2
50%
72 Andreas Ivanschitz MF 30 7 5
50%
264 André Hahn MF, FW 16 0 3
50%
1 André Schürrle MF, FW 34 11 7
50%
432 Anton Putsila MF 2 0 0
50%
239 Aristide Bancé FW 18 0 0
50%
267 Arjen Robben MF, FW 16 5 5
50%
149 Arthur Boka DF 25 1 1
50%
452 Ashkan Dejagah MF, FW 1 0 0
50%
162 Atsuto Uchida DF 24 1 2
50%
18 Bastian Oczipka DF, FW 33 0 9
50%
105 Bastian Schweinsteiger DF, MF 28 7 3
50%
30 Benedikt Höwedes DF 32 0 1
50%
455 Benedikt Saller DF, MF 1 0 0
50%
369 Benjamin Köhler MF 6 0 0
50%
31 Bernd Leno GK 32 0 0
50%
151 Bo Svensson DF 25 0 1
50%
298 Branimir Hrgota MF, FW 13 3 1
50%
384 Cacau FW 5 1 0
50%
73 Carlos Zambrano DF, MF 30 0 0
50%
89 Cédric Makiadi MF 29 3 2
50%
396 Chinedu Obasi FW 4 0 0
50%
90 Christian Fuchs DF, MF 29 0 5
50%
362 Christian Günter DF, MF 7 0 0
50%
232 Christian Schulz DF, MF 19 1 0
50%
52 Christian Wetklo GK 31 0 0
50%
397 Christoph Metzelder DF 4 0 0
50%
370 Christoph Moritz MF 6 0 0
50%
300 Ciprian Marica FW 13 3 1
50%
222 Claudio Pizarro FW 20 6 7
50%
188 Clemens Fritz DF, MF 22 0 0
50%
152 Cristian Molinaro DF, MF 25 0 1
50%
32 Dani Carvajal DF 32 1 7
50%
19 Daniel Baier MF 33 2 1
50%
91 Daniel Caligiuri DF, MF, FW 29 5 3
50%
417 Daniel Didavi MF, FW 3 0 0
50%
301 Daniel Van Buyten DF 13 0 0
50%
92 Dante DF 29 1 1
50%
173 David Alaba DF, MF 23 3 3
50%
118 Dennis Aogo DF, MF 27 2 4
50%
33 Dennis Diekmeier DF, MF 32 0 4
50%
106 Didier Ya Konan MF, FW 28 7 2
50%
34 Diego MF 32 10 7
50%
4 Diego Benaglio GK 34 0 0
50%
386 Diego Contento DF 5 0 0
50%
400 Dominik Reinhardt DF 4 0 0
50%
326 Edu FW 11 1 0
50%
163 Eljero Elia MF, FW 24 0 3
50%
107 Elkin Soto MF 28 1 2
50%
349 Emanuel Pogatetz DF 8 0 0
50%
401 Emre Can DF, MF 4 1 1
50%
233 Eren Derdiyok FW 19 1 1
50%
350 Eric Maxim Choupo-Moting MF, FW 8 0 0
50%
343 Erik Jendrišek MF, FW 9 0 1
50%
387 Felix Kroos DF, MF, FW 5 0 0
50%
234 Filip Daems DF 19 1 0
50%
288 Francisco Javier Rodríguez DF 14 0 0
50%
120 Franck Ribéry MF, FW 27 10 14
50%
253 Gerald Asamoah MF, FW 17 0 1
50%
420 Gojko Kačar DF, MF 3 0 0
50%
55 Gonzalo Castro DF, MF 31 6 7
50%
20 Hanno Balitsch MF 33 1 2
50%
56 Håvard Nordtveit DF, MF 31 1 4
50%
6 Heiko Westermann DF, MF 34 3 2
50%
344 Heurelho Gomes GK 9 0 0
50%
315 Holger Badstuber DF, MF 12 0 1
50%
190 Igor de Camargo MF, FW 22 3 0
50%
108 İlkay Gündoğan MF 28 3 3
50%
153 Ivan Perišić DF, MF, FW 25 4 2
50%
36 Ivica Olić FW 32 9 6
50%
352 Ivo Iličević MF 8 1 0
50%
123 Jakub Błaszczykowski MF 27 11 12
50%
165 Jan-Ingwer Callsen-Bracker DF 24 2 1
50%
269 Jannik Vestergaard DF 16 0 0
50%
124 Jan Polák MF 27 1 2
50%
224 Jan Rosenthal MF, FW 20 4 2
50%
75 Jan Schlaudraff MF, FW 30 2 4
50%
439 Jaroslav Drobný GK 2 0 0
50%
109 Javier Pinola DF 28 0 0
50%
137 Javi Martínez DF, MF 26 3 3
50%
125 Jefferson Farfán MF, FW 27 6 6
50%
243 Jeffrey Bruma DF 18 1 1
50%
126 Jens Hegeler DF, MF 27 3 0
50%
154 Jermaine Jones MF 25 1 5
50%
138 Jérôme Boateng DF 26 2 2
50%
255 Ji Dong-won MF, FW 17 5 0
50%
139 Johannes Flum MF 26 1 0
50%
354 Johannes Geis DF, MF 8 1 1
50%
424 Jonas Hofmann MF, FW 3 0 1
50%
22 Jonathan Schmid DF, MF 33 11 4
50%
155 Joselu FW 25 5 2
50%
271 Josué MF 16 0 1
50%
58 Juan Arango MF 31 5 5
50%
76 Julian Draxler MF, FW 30 10 3
50%
175 Julian Schieber FW 23 3 0
50%
59 Julian Schuster MF 31 1 3
50%
355 Karim Bellarabi DF, MF, FW 8 0 1
50%
191 Karim Haggui DF 22 1 0
50%
127 Ken Ilsø MF, FW 27 2 1
50%
23 Kevin De Bruyne MF, FW 33 10 9
50%
93 Kevin Großkreutz DF, FW 29 2 4
50%
140 Kevin Trapp GK 26 0 0
50%
141 Klaas-Jan Huntelaar FW 26 10 4
50%
272 Koen Casteels GK 16 0 0
50%
94 Konstantin Rausch DF, MF 29 3 3
50%
207 Koo Ja-cheol MF 21 3 2
50%
337 Kyriakos Papadopoulos DF, MF 10 1 0
50%
24 Lars Bender DF, MF 33 3 6
50%
303 Lars Unnerstall GK 13 0 0
50%
235 Lewis Holtby MF 19 4 7
50%
192 Luiz Gustavo DF, MF 22 4 1
50%
95 Łukasz Piszczek DF, MF 29 2 8
50%
177 Luuk de Jong FW 23 6 2
50%
178 Makoto Hasebe DF, MF 23 2 2
50%
111 Mame Biram Diouf DF, MF, FW 28 12 7
50%
328 Manuel Friedrich DF 11 0 0
50%
60 Manuel Neuer GK 31 0 0
50%
209 Manuel Schmiedebach MF 21 0 1
50%
8 Marc-André ter Stegen GK 34 0 0
50%
225 Marcel de Jong DF, MF 20 1 1
50%
112 Marcell Jansen DF, MF 28 1 2
50%
210 Marcel Risse DF, MF, FW 21 1 1
50%
61 Marcel Schäfer DF, MF 31 0 2
50%
96 Marcel Schmelzer DF 29 0 1
50%
193 Marco Caligiuri DF, MF 22 1 0
50%
194 Marco Höger DF, MF 22 3 2
50%
39 Marco Reus MF, FW 32 14 9
50%
338 Marco Russ DF, MF 10 1 0
50%
375 Marco Terrazzino MF, FW 6 1 1
50%
195 Mario Eggimann DF 22 1 1
50%
211 Mario Gómez FW 21 11 1
50%
113 Mario Götze MF, FW 28 10 10
50%
168 Mario Mandžukić MF, FW 24 15 1
50%
142 Marko Arnautović MF, FW 26 5 6
50%
77 Martin Harnik MF, FW 30 6 4
50%
236 Martin Lanig MF 19 3 1
50%
143 Martin Stranzl DF, MF 26 5 0
50%
114 Mats Hummels DF 28 1 3
50%
180 Matthias Ginter DF, MF 23 1 0
50%
182 Maximilian Beister MF, FW 23 3 1
50%
9 Max Kruse MF, FW 34 11 8
50%
391 Max Meyer MF, FW 5 0 1
50%
345 Mehmet Ekici MF 9 2 0
50%
183 Mensur Mujdža DF, MF 23 0 0
50%
212 Michael Mancienne DF, MF 21 0 0
50%
444 Michael Rensing GK 2 0 0
50%
293 Michal Kadlec DF 14 1 3
50%
294 Michel Bastos DF, MF 14 4 1
50%
62 Milan Badelj MF 31 1 5
50%
144 Mohammed Abdellaoue FW 26 8 1
50%
63 Naldo DF 31 6 0
50%
330 Nando Rafael FW 11 2 0
50%
158 Neven Subotić DF 25 3 0
50%
317 Niclas Füllkrug FW 12 1 0
50%
427 Niklas Stark DF, MF 3 0 0
50%
464 Niklas Süle DF 1 0 0
50%
357 Niko Bungert DF 8 0 0
50%
43 Nikolče Noveski DF 32 2 0
50%
10 Nils Petersen MF, FW 34 11 5
50%
285 Nuri Şahin MF 15 3 3
50%
11 Oliver Baumann GK 34 0 0
50%
145 Oliver Fink MF, FW 26 3 3
50%
44 Oliver Sorg DF, MF 32 0 1
50%
247 Olivier Occéan MF, FW 18 1 1
50%
146 Ömer Toprak DF 26 1 1
50%
409 Patrick Helmes FW 4 0 0
50%
45 Patrick Herrmann DF, MF, FW 32 6 5
50%
411 Paul Scharner DF, MF 4 0 0
50%
259 Paul Verhaegh DF 17 0 1
50%
260 Pavel Krmaš DF, MF 17 2 0
50%
226 Peniel Mlapa FW 20 2 0
50%
248 Per Ciljan Skjelbred MF 18 0 0
50%
97 Per Nilsson DF 29 6 0
50%
306 Petr Jiráček MF 13 1 1
50%
307 Philipp Bargfrede MF 13 0 1
50%
98 Philipp Lahm DF, MF 29 0 11
50%
64 Philipp Wollscheid DF 31 2 0
50%
129 Pirmin Schwegler MF 27 2 2
50%
274 Radoslav Zabavník DF, MF 16 0 0
50%
130 Rafael van der Vaart MF 27 5 10
50%
78 Ragnar Klavan DF 30 0 0
50%
65 Raphael Schäfer GK 31 0 0
50%
46 René Adler GK 32 0 0
50%
169 Ricardo Rodríguez DF, MF 24 0 4
50%
79 Robbie Kruse MF, FW 30 4 6
50%
66 Robert Lewandowski FW 31 24 5
50%
237 Róbert Mak MF, FW 19 1 2
50%
25 Roberto Firmino MF, FW 33 5 2
50%
249 Robert Tesche MF 18 0 0
50%
215 Roel Brouwers DF 21 1 2
50%
67 Roman Neustädter DF, MF 31 3 2
50%
68 Roman Weidenfeller GK 31 0 0
50%
12 Ron-Robert Zieler GK 34 0 0
50%
170 Sascha Mölders FW 24 10 0
50%
286 Sebastian Boenisch DF 15 1 3
50%
319 Sebastian Freis MF, FW 12 1 0
50%
47 Sebastian Jung DF 32 1 1
50%
196 Sebastian Kehl DF, MF 22 0 1
50%
332 Sebastian Langkamp DF 11 0 0
50%
13 Sebastian Mielitz GK 34 0 0
50%
147 Sebastian Polter FW 26 5 0
50%
115 Sebastian Prödl DF, MF 28 1 0
50%
184 Sebastian Rudy MF 23 0 3
50%
227 Sejad Salihović DF, MF 20 7 2
50%
159 Serdar Tasci DF 25 0 0
50%
277 Shawn Parker FW 16 3 2
50%
160 Shinji Okazaki MF, FW 25 1 0
50%
198 Sidney Sam MF, FW 22 5 2
50%
393 Simon Jentzsch GK 5 0 0
50%
199 Simon Kjær DF 22 2 1
50%
81 Simon Rolfes MF 30 3 2
50%
309 Slobodan Rajković DF 13 0 0
50%
99 Sokratis Papastathopoulos DF 29 1 0
50%
27 Son Heung-min MF, FW 33 12 2
50%
380 Sonny Kittel MF, FW 6 0 0
50%
200 Srđan Lakić FW 22 4 0
50%
14 Stefan Aigner MF, FW 34 9 7
50%
100 Stefan Reinartz DF, MF 29 3 1
50%
171 Stefan Reisinger FW 24 7 0
50%
320 Stephan Hain FW 12 1 0
50%
228 Steve Cherundolo DF 20 0 1
50%
229 Sven Bender DF, MF 20 1 0
50%
278 Sven Schipplock MF, FW 16 5 1
50%
16 Sven Ulreich GK 34 0 0
50%
230 Takashi Usami MF, FW 20 2 1
50%
311 Tamás Hajnal MF 13 0 0
50%
261 Teemu Pukki FW 17 3 1
50%
295 Thanos Petsos DF, MF 14 1 0
50%
185 Thorben Marx MF 23 2 2
50%
414 Tim Hoogland DF, MF 4 0 0
50%
17 Timmy Simons DF, MF 34 5 0
50%
83 Timothy Chandler DF, MF 30 1 3
50%
340 Tim Wiese GK 10 0 0
50%
238 Tobias Levels DF 19 0 1
50%
84 Tobias Werner MF 30 6 4
50%
161 Tolgay Arslan MF 25 0 0
50%
69 Tomáš Pekhart FW 31 4 2
50%
231 Tomás Rincón MF 20 0 0
50%
430 Tom Starke GK 3 0 0
50%
172 Toni Kroos MF 24 6 8
50%
70 Tony Jantschke DF, MF 31 1 2
50%
133 Torsten Oehrl FW 27 1 1
50%
219 Tranquillo Barnetta MF 21 0 1
50%
85 Vedad Ibišević FW 30 15 3
50%
186 William Kvist MF 23 0 0
50%
148 Xherdan Shaqiri MF, FW 26 4 5
50%
296 Yunus Mallı MF, FW 14 1 0
50%
416 Zhi-Gin Lam DF, MF 4 0 0
50%
280 Zoltán Stieber MF, FW 16 3 1
50%
87 Adam Bodzek DF, MF 29 2 1
0%
88 Ádám Szalai FW 29 13 2
0%
395 Adrian Nikçi MF 4 1 0
0%
220 Aleksandar Ignjovski DF, MF 20 1 2
0%
431 Aleksandar Stevanović MF 2 0 0
0%
367 Alexander Ring DF, MF 6 0 0
0%
324 Alexandru Maxim MF, FW 11 1 1
0%
313 Alex Manninger GK 12 0 0
0%
102 Anderson Bamba DF 28 1 2
0%
103 Andreas Lambertz MF 28 1 3
0%
382 Andreas Ludwig MF 5 0 0
0%
297 Andreas Ottl MF 13 0 1
0%
451 André Fomitschow DF 1 0 0
0%
265 André Hoffmann DF, MF 16 2 0
0%
334 Andriy Voronin MF, FW 10 0 1
0%
266 Antonio Rüdiger DF 16 0 0
0%
368 Arkadiusz Milik FW 6 0 0
0%
150 Artur Sobiech FW 25 5 2
0%
187 Assani Lukimya-Mulongoti DF 22 1 0
0%
51 Axel Bellinghausen MF 31 3 3
0%
453 Aykut Özer GK 1 0 0
0%
221 Baba Rahman DF, MF 20 0 0
0%
454 Bálint Bajner FW 1 0 0
0%
104 Bas Dost FW 28 8 2
0%
433 Baye Djiby Fall FW 2 0 0
0%
434 Benedikt Röcker DF 2 0 0
0%
348 Berkay Dabanlı DF 8 0 0
0%
135 Bernd Nehrig DF, FW 26 1 1
0%
383 Boris Vukčević MF 5 1 0
0%
335 Cha Du-ri DF, MF 10 0 0
0%
342 Chinedu Ede MF, FW 9 1 0
0%
240 Christian Pander DF 18 0 1
0%
252 Christian Träsch DF, MF 17 0 0
0%
456 Christian Weber DF, MF 1 0 0
0%
457 Christofer Heimeroth GK 1 0 0
0%
299 Christopher Nöthe MF, FW 13 0 1
0%
385 Constant Djakpa DF 5 0 0
0%
268 Daniel Schwaab DF 16 0 1
0%
53 Dani Schahin FW 31 8 0
0%
202 Danny Williams DF, MF 21 1 1
0%
314 David Abraham DF 12 0 0
0%
398 Denis Streker MF 4 0 0
0%
435 Deniz Kadah MF, FW 2 0 0
0%
399 Dominik Kohr DF, MF 4 0 0
0%
436 Dorge Kouemaha FW 2 0 0
0%
119 Edgar Prib MF 27 3 4
0%
371 Erwin Hoffer FW 6 1 0
0%
174 Eugen Polanski MF 23 0 1
0%
437 Ezequiel Calvente MF, FW 2 0 0
0%
5 Fabian Giefer GK 34 0 0
0%
54 Fabian Johnson DF, MF 31 3 4
0%
136 Fagner DF 26 0 1
0%
74 Fallou Diagne DF 30 1 1
0%
287 Federico Macheda FW 14 0 0
0%
403 Felipe DF 4 1 0
0%
402 Felipe Aliste Lopes DF 4 0 0
0%
203 Felipe Santana DF 21 1 0
0%
164 Felix Klaus MF, FW 24 2 1
0%
404 Ferhan Hasani MF 4 0 0
0%
438 Florian Trinks MF 2 1 0
0%
418 Garra Dembélé MF, FW 3 0 0
0%
363 Genki Omae FW 7 0 0
0%
121 Georg Niedermeier DF 27 1 1
0%
419 Gerrit Wegkamp FW 3 0 0
0%
327 Gibril Sankoh DF 11 0 0
0%
372 Giovanni Sio MF, FW 6 0 0
0%
122 Gōtoku Sakai DF, MF 27 0 0
0%
189 Granit Xhaka DF, MF 22 1 0
0%
254 Hajime Hosogai DF, MF 17 0 0
0%
421 Heiko Butscher DF 3 0 0
0%
241 Heinrich Schmidtgal DF, MF 18 0 2
0%
302 Hiroki Sakai DF, MF 13 0 1
0%
57 Hiroshi Kiyotake MF, FW 31 4 11
0%
336 Ibrahim Afellay MF, FW 10 2 0
0%
35 Ibrahima Traoré MF, FW 32 3 6
0%
223 Ilir Azemi FW 20 1 1
0%
351 Immanuel Höhn DF 8 0 0
0%
423 Ivan Klasnić FW 3 1 0
0%
405 Ivan Paurević MF 4 0 0
0%
289 Ivan Santini FW 14 1 2
0%
353 Jacopo Sala DF, MF, FW 8 0 0
0%
242 Jan Kirchhoff DF, MF 18 0 1
0%
204 Jan Morávek MF, FW 21 1 3
0%
270 Jens Langeneke DF, MF 16 2 0
0%
37 Joël Matip DF, MF 32 3 0
0%
290 Johan Djourou DF 14 0 0
0%
21 Johannes van den Bergh DF, MF 33 0 0
0%
440 Johannes Wurtz MF, FW 2 0 0
0%
205 Joseph Akpala FW 21 1 1
0%
373 József Varga MF 6 0 0
0%
282 Juanan DF 15 0 0
0%
38 Julian Baumgartlinger DF, MF 32 0 1
0%
244 Júnior Díaz DF, MF 18 1 3
0%
374 Junior Fernándes MF, FW 6 0 1
0%
206 Karim Guédé MF 21 1 1
0%
166 Karim Matmour MF, FW 24 1 1
0%
110 Kevin Vogt DF, MF 28 1 1
0%
7 Kevin Volland MF, FW 34 6 8
0%
291 Knowledge Musona MF, FW 14 0 1
0%
245 Lars Stindl MF, FW 18 2 3
0%
167 Lasse Sobiech DF, MF 24 2 0
0%
388 Leon Andreasen DF, MF 5 2 0
0%
389 Leonardo Bittencourt MF, FW 5 1 1
0%
256 Leon Balogun DF 17 0 1
0%
458 Loris Karius GK 1 0 0
0%
441 Luis Advíncula DF, MF 2 0 0
0%
208 Lukas Rupp MF, FW 21 0 1
0%
176 Lukas Schmitz DF, MF 23 0 1
0%
459 Mamadou Bah MF 1 0 0
0%
460 Marc Lais MF 1 0 0
0%
442 Marc-Oliver Kempf DF 2 0 0
0%
461 Marcos Antônio DF 1 0 0
0%
390 Marc Stendera MF 5 0 1
0%
329 Marcus Berg FW 11 0 0
0%
179 Markus Feulner MF 23 4 2
0%
425 Markus Mendler MF, FW 3 0 0
0%
304 Martin Latka DF 13 0 0
0%
273 Marvin Compper DF 16 0 0
0%
292 Marvin Plattenhardt DF, MF 14 1 1
0%
406 Mateo Pavlović DF 4 0 0
0%
364 Mathis Bolly MF, FW 7 2 0
0%
156 Matthias Ostrzolek DF, MF 25 0 2
0%
283 Matthias Zimmermann DF, MF 15 1 1
0%
181 Matthieu Delpierre DF 23 1 1
0%
257 Max Grün GK 17 0 0
0%
376 Maximilian Arnold MF 6 3 0
0%
40 Mërgim Mavraj DF 32 0 0
0%
462 Michael Hefele DF 1 0 0
0%
443 Michael Parkhurst DF 2 0 0
0%
128 Mike Frantz MF, FW 27 1 0
0%
41 Mike Hanke FW 32 4 2
0%
316 Milan Petržela MF 12 0 0
0%
246 Milorad Peković MF 18 0 0
0%
426 Mitchell Langerak GK 3 0 0
0%
258 Mohamed Amsif GK 17 0 0
0%
157 Moritz Leitner MF 25 0 2
0%
392 Muhammed Ildiz MF 5 0 0
0%
407 Mu Kanazaki MF, FW 4 0 0
0%
463 Nejmeddin Daghfous MF, FW 1 0 0
0%
356 Nikita Rukavytsya MF, FW 8 0 0
0%
305 Niki Zimling MF 13 1 0
0%
284 Nikola Đurđić MF, FW 15 5 1
0%
428 Noah Korczowski DF 3 0 0
0%
465 Okan Aydın MF, FW 1 0 0
0%
358 Oka Nikolov GK 8 0 0
0%
408 Oliver Kirch DF, MF 4 0 0
0%
213 Oscar Wendt DF, MF 21 1 3
0%
359 Özkan Yıldırım MF 8 0 1
0%
346 Park Jung-bin MF, FW 9 0 0
0%
318 Patrick Ochs DF, MF 12 0 0
0%
410 Patrick Rakovsky GK 4 0 0
0%
466 Patrick Schorr DF, MF 1 0 0
0%
445 Pelle Jensen DF 2 0 0
0%
467 Petar Slišković FW 1 0 0
0%
446 Pierre Højbjerg MF 2 0 0
0%
275 Raffael MF, FW 16 2 5
0%
308 Rafinha DF 13 2 1
0%
214 Raphael Holzhauser MF, FW 21 0 2
0%
377 Rasmus Jönsson MF, FW 6 0 0
0%
378 Renato Augusto MF 6 0 0
0%
468 Robert Almer GK 1 0 0
0%
379 Robert Zillner MF 6 0 1
0%
331 Robin Knoche DF 11 0 0
0%
469 Robin Szarka DF 1 0 0
0%
365 Ronny Garbuschewski MF 7 0 1
0%
412 Ronny Philp DF 4 0 0
0%
276 Sead Kolašinac DF, MF 16 0 1
0%
470 Sebastian Kerk MF, FW 1 0 0
0%
26 Sebastian Rode MF 33 0 1
0%
471 Sebastian Tyrała MF 1 0 0
0%
333 Sébastien Pocognoli DF, MF 11 0 1
0%
197 Sercan Sararer MF, FW 22 1 1
0%
80 Sérgio Pinto MF, FW 30 2 1
0%
360 Slobodan Medojević MF 8 0 1
0%
310 Sofian Chahed DF, MF 13 0 3
0%
447 Somen Tchoyi MF 2 0 0
0%
448 Sotirios Kyrgiakos DF 2 0 0
0%
449 Soufian Benyamina FW 2 0 0
0%
131 Stefano Celozzi DF 27 0 3
0%
413 Stefan Thesker DF, MF 4 0 0
0%
216 Stelios Malezas DF 21 0 0
0%
82 Stephan Fürstner MF 30 1 0
0%
339 Stephan Schröck DF, MF 10 0 0
0%
217 Szabolcs Huszti MF 21 9 9
0%
28 Takashi Inui MF, FW 33 6 4
0%
429 Tayfun Pektürk MF, FW 3 0 0
0%
132 Theodor Gebre Selassie DF, MF, FW 27 1 2
0%
312 Thomas Kahlenberg MF 13 0 0
0%
201 Thomas Kleine DF 22 0 0
0%
366 Thomas Pledl MF, FW 7 0 2
0%
472 Tim Albutat MF 1 0 0
0%
48 Timm Klose DF 32 2 1
0%
250 Timo Gebhart MF 18 2 1
0%
218 Timo Hildebrand GK 21 0 0
0%
381 Tobias Mikkelsen MF, FW 6 0 0
0%
251 Tobias Weis MF 18 2 2
0%
321 Tolga Ciğerci MF 12 0 0
0%
415 Tom Trybull DF, MF 4 0 0
0%
347 Tunay Torun MF, FW 9 0 0
0%
394 Vadim Demidov DF, MF 5 0 0
0%
279 Vegar Eggen Hedenstad DF, MF 16 0 1
0%
134 Vieirinha DF, FW 27 1 4
0%
322 Vincenzo Grifo MF, FW 12 0 0
0%
262 Wolfgang Hesl GK 17 0 0
0%
450 Yohandry Orozco MF, FW 2 0 1
0%
29 Zdeněk Pospěch DF 33 1 3
0%
323 Zdravko Kuzmanović MF 12 0 0
0%
86 Zlatko Junuzović MF, FW 30 3 2
0%
No matching quizzes found
Score Distribution
Percent of People with Each Score
Percentile by Number Answered
Your Score History
You have not taken this quiz